| 000 | 00840cam a22002532 4500 | ||
|---|---|---|---|
| 001 | 0000020152 | ||
| 005 | 20151021151137.0 | ||
| 008 | 110817s xx 000 0 eng d | ||
| 020 | _a8131703908 | ||
| 040 |
_aKABU _cKABU |
||
| 245 | 1 | 0 |
_aFoundations of financial markets and institutions / _cFrank J. Fabozzi ... [et al.] |
| 250 | _a3rd ed. | ||
| 260 |
_aBoston : _bPearson, _c2002. |
||
| 300 | _axxiii, 663 p. | ||
| 650 | 0 |
_aFinance. _@0000148330 |
|
| 650 | 0 |
_aFinancial institutions. _@0000152429 |
|
| 700 | 1 |
_aModigliani, Franco. _@0000178839 |
|
| 700 | 1 |
_aJones, Frank J. _@0000178840 |
|
| 700 | 1 |
_aFabozzi, Frank J. _@0000157588 |
|
| 852 | 1 | _9p1670 KES | |
| 852 | 1 | _9p1670 KES | |
| 908 | _a110817 | ||
| 950 | _@1 | ||
| 999 |
_c1168 _d1168 |
||